000 00675nam a2200241 i 4500
001 C2-0101678
003 PPAK
005 20180727095835.0
008 970529s1995 io |||| ||||| | may d
020 _a9795119818
040 _aPPAK
_beng
_cPPAK
_erda
082 0 4 _a823
_223
090 0 0 _a823
_bSTE
_dG
100 1 _aSteel, Danielle,
_eauthor
245 1 0 _aJika hati saling bertaut
264 1 _aJakarta, Indonesia :
_bPT Gramedia Pustaka Utama ,
_c1995
300 _a503 pages ;
_c18 cm
336 _2rdacontent
_atext
337 _2rdamedia
_aunmediated
338 _2rdacarrier
_avolume
650 1 0 _aEnglish fiction - Translation into Indonesian
942 _ddc
_cB
999 _c23472
_d23472